Statistics for 100 Questions about the United States

Click here to take the quiz!

General Stats

  • This quiz has been taken 248 times
  • The average score is 72 of 100

Answer Stats

ClueAnswer% Correct
CapitalWashington, D.C.
100%
Current presidentDonald Trump
100%
Neighboring countriesCanada
97%
Most populous stateCalifornia
97%
The US consists of ... states50
97%
Neighboring countriesMexico
97%
Biggest cityNew York City
96%
CurrencyU.S. Dollar
96%
Independence DayFourth of July
96%
His residence, 1600 Pennsylvania AvenueWhite House
95%
State of Dallas, Houston or El PasoTexas
94%
Home of the U.S. film industryHollywood
93%
Present of France, now landmark of ^Statue of Liberty
93%
Mountain with 4 heads of presidentsMount Rushmore
93%
Major political partiesRepublican
91%
The city where you can gamble legally and marry quicklyLas Vegas
91%
...is located in which U.S. state?Nevada
91%
Capital of MassachusettsBoston
91%
Fourth Thursday of NovemberThanksgiving
90%
National language (they don't have an official language)English
90%
16th President of the United States, Great Emancipator Abraham Lincoln
90%
Very popular meat for the ^ eventTurkey
88%
Last president to be assassinated, great conspiracy about his deathJohn F. Kennedy
88%
Major political partiesDemocratic
87%
Name the Great LakesLake {Michigan}
87%
Year of independence1776
86%
The three major mountain rangesRocky Mountains
85%
This complex of buildings was destroyed on September 11, 2001World Trade Center
85%
Smallest state in areaRhode Island
85%
The Sunshine StateFlorida
85%
This Caribbean island might become the 51st statePuerto Rico
85%
^ was President during this war{Civil} War
84%
Olympic Summer Games host citiesLos Angeles
83%
Animated sitcom which play in SpringfieldThe Simpsons
83%
First national park in the U.S.{Yellowstone} National Park
83%
American emergency telephone number9-1-1
82%
California suspension bridge{Golden Gate} Bridge
82%
Name the Great LakesLake {Erie}
82%
Name the Great LakesLake {Superior}
82%
The four major U.S. sports leaguesNational Basketball Association
80%
National anthemStar-Spangled Banner
80%
The four major U.S. sports leaguesNational Football League
80%
Talk show host best-known for her personal showOprah Winfrey
78%
Large retailing corporation founded by Sam WaltonWalmart
78%
Their symbols (animals)Elephant
78%
Name the Great LakesLake {Ontario}
76%
Their symbols (animals)Donkey
76%
Upper chamber of ^Senate
76%
The four major U.S. sports leaguesNational Hockey League
76%
Fruit pie with apples, American cultural iconApple Pie
76%
He says: "I want you", initials U.S.Uncle Sam
75%
State where this mountain is locatedAlaska
74%
World's largest airlineAmerican Airlines
74%
Participants in this warConfederacy
72%
Music genre originated in African American communities of ^Jazz
72%
Name the Great LakesLake {Huron}
72%
How does this anthem begin?O say can you see
71%
Highest mountainDenali
71%
This city "hosted" the Summer of LoveSan Francisco
71%
Motown, HockeytownDetroit
70%
Olympic Summer Games host citiesAtlanta
70%
He wrote The Adventures of Huckleberry Finn Mark Twain
70%
NOLA, Bourbon StreetNew Orleans
69%
1773 political protest in ^Tea Party
69%
Originially known as All Hallows' EveHalloween
69%
Region comprising the northeastern statesNew England
69%
This female tennis player has the most Grand Slam titlesSerena Williams
68%
This type of natural hazard destroyed ^ in 1906Earthquake
68%
The three major mountain rangesAppalachians
68%
Most populous Hawaiian islandO'ahu
67%
Longest U.S. river{Missouri} River
66%
The above had this in 1848Gold Rush
66%
National Park near MiamiEverglades
64%
Participants in this warUnion
64%
Legislature of the federal governmentCongress
62%
Year the last state joined the U.S.1959
61%
Top corn producerIowa
61%
^ was part of this religious groupQuakers
60%
Biggest Native American tribe by population (in Arizona)Navajo
60%
Auto racing governing organizationNASCAR
59%
Founder of PennsylvaniaWilliam Penn
58%
Western part of the U.S. during 19th century, cowboysWild West
57%
The four major U.S. sports leaguesMajor League Baseball
57%
Ethnic group living mostly in LouisianaCajun
56%
Region once known for steel and heavy industry, now known for decreaseRust Belt
54%
Main producer of maple syrupVermont
54%
Lower chamber of ^House of Representatives
53%
Series of programs in response to the Great Depression by FDRNew Deal
52%
Star of the Cleveland CavaliersLeBron James
49%
The 21st amendment ended the ....Prohibition
48%
How do you call a person from Indiana?Hoosier
48%
American actor often referred to as "The King", Gone with the WindClark Gable
43%
Broad expanse of flat land west of the Mississippi RiverGreat Plains
39%
Olympic Summer Games host citiesSt. Louis
39%
Home for the Red SoxFenway Park
35%
The three major mountain rangesSierra Nevada
34%
Flat valley that dominates the geographical center of California{Central} Valley
18%
Largest U.S. stadium, located in Ann ArborMichigan Stadium
16%
Female personification (like Britannia for the UK)Columbia
12%
Largest endorheic area in North AmericaGreat Basin
9%

Score Distribution

Percentile by Number Answered

Percent of People with Each Score

Your Score History

You have not taken this quiz